=LDR 00000nam 2200000 4500 =001 INLIS000000000027970 =005 20130612130315 =008 ***********************************Ind** =035 ##$$0010-061300000027970 =041 ##$$a Ind =082 ##$$a F Rom D =090 ##$$a F Rom D, Mem m =245 ##$$a Memotret kehidupan =260 ##$$a [S.a] $b Surakarta =300 ##$$a 197 hlm, 21 cm =650 ##$$a Fiksi Dewasa =850 ##$$a NBPNMAT